000 00273nam a2200121Ia 4500
100 _aMachinery yellow back series
942 _cBK
654 _aFixtures
245 _aAir chucks & Fixtures
260 _bMachinery Publication
_c2001
082 _a621.9
546 _aENGLISH
999 _c27119
_d27119